[Event "ECU pre olympic (Women)"]
[Site "Quito"]
[Date "2024.04.11"]
[Round "6"]
[White "Caicedo Loor, Keyra Isabel"]
[Black "Romero Torres, Amelia Valentina"]
[Result "1-0"]
[WhiteElo "1723"]
[BlackElo "1621"]
[PlyCount "95"]
[EventDate "2024.04.09"]
[EventType "tourn"]
[EventRounds "11"]
[EventCountry "ECU"]
[SourceTitle "EXT 2025"]
[Source "ChessBase"]
[SourceDate "2024.10.14"]
[SourceVersion "1"]
[SourceVersionDate "2024.10.14"]
[SourceQuality "1"]

1. d4 Nf6 2. Bf4 e6 3. e3 c5 4. Nf3 Nc6 5. c3 Be7 6. Nbd2 d5 7. Bd3 0-0 8. Ne5 Bd7 9. Qf3 Re8 10. g4 g6 11. h4 h5 12. gxh5 Nxe5 13. dxe5 Nxh5 14. Rg1 Kh8 15. Bh6 Rg8 16. Qxf7 Qe8 17. Qf3 Bb5 18. Bc2 Bf8 19. Bg5 Bg7 20. Qg4 Qf7 21. f4 Raf8 22. Nf3 Be8 23. 0-0-0 b5 24. Bd8 Bh6 25. Ng5 Bxg5 26. hxg5 Rg7 27. Bf6 Nxf6 28. gxf6 Rh7 29. Bxg6 Qxg6 30. Qxg6 Bxg6 31. Rxg6 Rg8 32. Rxg8+ Kxg8 33. Rg1+ Kf8 34. Rg2 Kf7 35. Kd2 c4 36. e4 Rh3 37. exd5 Rd3+ 38. Ke2 Rxd5 39. Rg7+ Kf8 40. Rxa7 Rd3 41. Rb7 Rd5 42. Ke3 Rd3+ 43. Ke4 Rd2 44. Rxb5 Kf7 45. Rb6 Re2+ 46. Kd4 Rf2 47. Kxc4 Rxf4+ 48. Kc5 1-0

[Event "ECU pre olympic (Women)"]
[Site "Quito"]
[Date "2024.04.11"]
[Round "5"]
[White "Godoy Cardenas, Jessica Sofia"]
[Black "Caicedo Loor, Keyra Isabel"]
[Result "1-0"]
[WhiteElo "1940"]
[BlackElo "1723"]
[PlyCount "53"]
[EventDate "2024.04.09"]
[EventType "tourn"]
[EventRounds "11"]
[EventCountry "ECU"]
[SourceTitle "EXT 2025"]
[Source "ChessBase"]
[SourceDate "2024.10.14"]
[SourceVersion "1"]
[SourceVersionDate "2024.10.14"]
[SourceQuality "1"]

1. e4 d5 2. exd5 Qxd5 3. Nc3 Qa5 4. Bc4 Nf6 5. d3 c6 6. h3 Bf5 7. Nf3 e6 8. 0-0 Bb4 9. Bd2 Nbd7 10. a3 Bxc3 11. Bxc3 Qc7 12. Re1 0-0-0 13. b4 g5 14. Ne5 Rhf8 15. a4 Nd5 16. Bd4 N7b6 17. a5 Nxc4 18. Nxc4 b5 19. axb6 Nxb6 20. Be5 Qe7 21. Qf3 Rd5 22. Nxb6+ axb6 23. c4 Rd6 24. Ra6 Rfd8 25. Rea1 Qc7 26. Ra8+ Kd7 27. R8a7 1-0

[Event "ECU-ch (Women)"]
[Site "Ibarra"]
[Date "2024.03.14"]
[Round "4"]
[White "Caicedo Loor, Keyra Isabel"]
[Black "Calderon Guerra, Odalys Lisbeth"]
[Result "1-0"]
[WhiteElo "1723"]
[BlackElo "1680"]
[PlyCount "82"]
[EventDate "2024.03.13"]
[EventType "swiss"]
[EventRounds "9"]
[EventCountry "ECU"]
[SourceTitle "EXT 2025"]
[Source "ChessBase"]
[SourceDate "2024.10.14"]
[SourceVersion "1"]
[SourceVersionDate "2024.10.14"]
[SourceQuality "1"]

1. e4 c5 2. Nf3 Nc6 3. c4 g6 4. d4 cxd4 5. Nxd4 Bg7 6. Be3 Nf6 7. Nc3 d6 8. Be2 Bd7 9. 0-0 0-0 10. Nc2 Ne8 11. Qd2 f5 12. exf5 Bxf5 13. Rac1 Nf6 14. f3 Rc8 15. Rfd1 Nd7 16. Nd4 Nxd4 17. Bxd4 Bxd4+ 18. Qxd4 Qb6 19. Nd5 Qxd4+ 20. Rxd4 Rfe8 21. Re1 Be6 22. Nf4 Bf7 23. Nh3 Ne5 24. b3 Nc6 25. Rd2 h6 26. f4 Kg7 27. Bf3 Rcd8 28. Red1 Be6 29. Nf2 g5 30. fxg5 hxg5 31. Bd5 Bxd5 32. Rxd5 Ne5 33. Ne4 Kg6 34. h3 b6 35. Nc3 Rc8 36. Kf2 Rc5 37. Kg3 Rf8 38. R1d2 Rf7 39. Ne4 Rc8 40. Rf2 e6 41. Rxf7 Nxf7 1-0

[Event "ECU-ch (Women)"]
[Site "Ibarra"]
[Date "2024.03.14"]
[Round "3"]
[White "Vasquez Ramirez, Rocio Nefertiti"]
[Black "Caicedo Loor, Keyra Isabel"]
[Result "0-1"]
[WhiteElo "1981"]
[BlackElo "1723"]
[PlyCount "80"]
[EventDate "2024.03.13"]
[EventType "swiss"]
[EventRounds "9"]
[EventCountry "ECU"]
[SourceTitle "EXT 2025"]
[Source "ChessBase"]
[SourceDate "2024.10.14"]
[SourceVersion "1"]
[SourceVersionDate "2024.10.14"]
[SourceQuality "1"]

1. e4 c5 2. Nf3 d6 3. d4 cxd4 4. Nxd4 Nf6 5. Nc3 g6 6. f3 Bg7 7. Be3 a6 8. Qd2 b5 9. a4 bxa4 10. g4 Bb7 11. h4 Nbd7 12. h5 Rg8 13. Rxa4 Ne5 14. Be2 Qd7 15. Rb4 Nc6 16. Rb6 Qc8 17. h6 Bh8 18. 0-0 Nd7 19. Rb3 Nc5 20. Ra3 f5 21. Nd5 Nxd4 22. Bxd4 Bxd5 23. exd5 Kf7 24. Rfa1 Bxd4+ 25. Qxd4 g5 26. b4 Nd7 27. Bxa6 Rxa6 28. Rxa6 Ne5 29. R6a3 Qxc2 30. Qc3 Qe2 31. Qe3 Qb5 32. gxf5 Qxb4 33. Qe4 Qc5+ 34. Kg2 Rc8 35. f6 Rb8 36. Kh3 Qf2 37. Qxh7+ Kxf6 38. Qg7+ Kf5 39. Qxe7 Kg6 40. Qg7+ Kh5 0-1

[Event "ECU-ch (Women)"]
[Site "Salinas"]
[Date "2021.12.16"]
[Round "2"]
[White "Pacheco Jimenez, Yesenia Camila"]
[Black "Caicedo Loor, Keyra Isabel"]
[Result "1-0"]
[WhiteElo "1620"]
[BlackElo "1545"]
[PlyCount "97"]
[EventDate "2021.12.16"]
[EventType "swiss"]
[EventRounds "7"]
[EventCountry "ECU"]
[SourceTitle "EXT 2023"]
[Source "ChessBase"]
[SourceDate "2022.10.05"]
[SourceVersion "1"]
[SourceVersionDate "2022.10.05"]
[SourceQuality "1"]

1. Nf3 g6 2. d4 f5 3. c4 Bg7 4. Nc3 Nf6 5. Bf4 d6 6. h3 c6 7. e3 Na6 8. Be2 0-0 9. 0-0 Qe8 10. Re1 h6 11. a3 g5 12. Bh2 Qg6 13. Qc2 g4 14. hxg4 Nxg4 15. Bd3 e5 16. dxe5 dxe5 17. e4 f4 18. b4 Nc7 19. c5 h5 20. Rad1 Be6 21. Be2 Ne8 22. Nb1 Kh8 23. Bc4 Bc8 24. Rd2 Bf6 25. Red1 h4 26. Qb3 h3 27. g3 Qxe4 28. Re2 Qg6 29. Nbd2 Bf5 30. Rde1 Nxh2 31. Kxh2 fxg3+ 32. fxg3 Bg4 33. Qe3 Ng7 34. Bd3 Qh5 35. Be4 Ne6 36. Rf2 Rae8 37. Ref1 Bg7 38. Nh4 Nf4 39. Bf3 Bh6 40. Bxg4 Qxg4 41. Qf3 Qg5 42. Ne4 Qe7 43. Nd6 Rd8 44. Nhf5 Qh7 45. Nxh6 e4 46. Ndf7+ Rxf7 47. Nxf7+ Qxf7 48. Qxf4 Qxf4 49. gxf4 1-0

[Event "South America-ch U20 Girls"]
[Site "Guayaquil"]
[Date "2021.11.07"]
[Round "9"]
[White "Buestan Brito, Anaela Elizabeth"]
[Black "Caicedo Loor, Keyra Isabel"]
[Result "1-0"]
[WhiteElo "1635"]
[BlackElo "1577"]
[PlyCount "105"]
[EventDate "2021.11.02"]
[EventType "swiss"]
[EventRounds "9"]
[EventCountry "ECU"]
[SourceTitle "CBM 205 Extra"]
[Source "ChessBase"]
[SourceDate "2022.01.31"]
[SourceVersion "1"]
[SourceVersionDate "2022.01.31"]
[SourceQuality "1"]

1. e4 c5 2. Nf3 d6 3. d4 cxd4 4. Nxd4 Nf6 5. Nc3 g6 6. f4 Nbd7 7. Be2 Bg7 8. 0-0 0-0 9. Kh1 a6 10. a4 b6 11. Nc6 Qe8 12. e5 dxe5 13. fxe5 Ne4 14. Nd5 Nxe5 15. Nxe5 Bxe5 16. Nxb6 Bb7 17. Nxa8 Qxa8 18. Bf3 Rd8 19. Qe2 Bd4 20. c3 Be5 21. Bh6 f5 22. Rad1 Rc8 23. Be3 Qb8 24. Bxe4 Bxe4 25. Qxa6 Rc6 26. Qb5 Qc7 27. h3 Bh2 28. Rd2 f4 29. Bd4 Bg3 30. Be5 Qc8 31. Qb8 Qxb8 32. Bxb8 g5 33. Be5 Rh6 34. Kg1 Ra6 35. b3 h5 36. c4 Re6 37. Bc3 Bc6 38. a5 g4 39. hxg4 hxg4 40. b4 f3 41. gxf3 gxf3 42. b5 Be4 43. Rd4 f2+ 44. Rxf2 Bxf2+ 45. Kxf2 Bb7 46. Rd7 Bh1 47. a6 Re4 48. c5 Rc4 49. Bd4 e5 50. Be3 Rc2+ 51. Rd2 Rc4 52. c6 Ra4 53. Rd8+ 1-0

[Event "South America-ch U20 Girls"]
[Site "Guayaquil"]
[Date "2021.11.03"]
[Round "3"]
[White "Alvarez Dominguez, Hellen Melissa"]
[Black "Caicedo Loor, Keyra Isabel"]
[Result "1-0"]
[WhiteElo "1444"]
[BlackElo "1577"]
[PlyCount "79"]
[EventDate "2021.11.02"]
[EventType "swiss"]
[EventRounds "9"]
[EventCountry "ECU"]
[SourceTitle "CBM 205 Extra"]
[Source "ChessBase"]
[SourceDate "2022.01.31"]
[SourceVersion "1"]
[SourceVersionDate "2022.01.31"]
[SourceQuality "1"]

1. e4 c5 2. Nf3 d6 3. d4 cxd4 4. Nxd4 Nf6 5. f3 g6 6. c4 Bg7 7. Nc3 Bd7 8. Be3 Nc6 9. Qd2 Nxd4 10. Bxd4 a5 11. b3 0-0 12. Rc1 Bc6 13. Be2 Nd7 14. Be3 Nc5 15. 0-0 Be5 16. g3 e6 17. Rcd1 Qe7 18. Qc2 f5 19. exf5 Rxf5 20. a3 Qg7 21. Nb5 Bxb5 22. cxb5 Qe7 23. f4 Bg7 24. Bg4 Rff8 25. Rfe1 e5 26. Bxc5 dxc5 27. Rd7 Qe8 28. Qxc5 Rc8 29. Qd5+ Kh8 30. Qxb7 Bf6 31. Rxh7+ Kg8 32. Bxc8 Qxc8 33. Qxc8 Rxc8 34. Ra7 exf4 35. Rd7 f3 36. Kf2 Rf8 37. b6 Bd8 38. Re6 Kh8 39. b7 Bg5 40. Rc7 1-0

[Event "ECU-ch (Women)"]
[Site "Banos de Agua Santa"]
[Date "2020.03.12"]
[Round "5"]
[White "Caicedo Loor, Keyra Isabel"]
[Black "Salas Ona, Leslie Tatiana"]
[Result "1-0"]
[WhiteElo "1650"]
[BlackElo "1261"]
[PlyCount "69"]
[EventDate "2020.03.10"]
[EventType "swiss"]
[EventRounds "9"]
[EventCountry "ECU"]
[SourceTitle "CBM 195 Extra"]
[Source "ChessBase"]
[SourceDate "2020.05.31"]
[SourceVersion "1"]
[SourceVersionDate "2020.05.31"]
[SourceQuality "1"]

1. e4 e5 2. Nf3 Nc6 3. Bc4 h6 4. d4 exd4 5. Nxd4 Qf6 6. Be3 Bc5 7. c3 Nge7 8. 0-0 0-0 9. f4 d6 10. Qd3 Be6 11. Nxe6 Bxe3+ 12. Qxe3 fxe6 13. Nd2 Kh8 14. Bd3 Rad8 15. Rae1 e5 16. f5 d5 17. Bb1 dxe4 18. Nxe4 Nxf5 19. Qh3 Qh4 20. Qf3 Qe7 21. Qh5 Qf7 22. Qg4 g6 23. Ng3 Nce7 24. Rxe5 Qg7 25. Ree1 Rd2 26. Nxf5 Nxf5 27. Qb4 Nd6 28. Rxf8+ Qxf8 29. Rf1 Qe8 30. Qf4 Re2 31. Qxh6+ Kg8 32. Bxg6 Qe3+ 33. Qxe3 Rxe3 34. Kf2 Re5 35. Re1 1-0

[Event "ECU-ch (Women)"]
[Site "Banos de Agua Santa"]
[Date "2020.03.11"]
[Round "3"]
[White "Caicedo Loor, Keyra Isabel"]
[Black "Nunez Giler, Fanny Cecilia"]
[Result "0-1"]
[WhiteElo "1650"]
[BlackElo "1734"]
[PlyCount "57"]
[EventDate "2020.03.10"]
[EventType "swiss"]
[EventRounds "9"]
[EventCountry "ECU"]
[SourceTitle "CBM 195 Extra"]
[Source "ChessBase"]
[SourceDate "2020.05.31"]
[SourceVersion "1"]
[SourceVersionDate "2020.05.31"]
[SourceQuality "1"]

1. e4 d5 2. exd5 Qxd5 3. Nc3 Qe6+ 4. Be2 Qg6 5. Nf3 Qxg2 6. Rg1 Qh3 7. d4 Nf6 8. Bf4 c6 9. Bc4 Qf5 10. Be5 Ng4 11. Bd3 Qd7 12. Bf4 Qd8 13. Bc4 Nf6 14. Ne5 e6 15. Qd3 Nbd7 16. Qh3 Nb6 17. 0-0-0 Be7 18. Qe3 Nbd5 19. Nxd5 cxd5 20. Bb3 a5 21. a3 b5 22. Bg5 Bd7 23. Bxf6 Bxf6 24. Bxd5 Rc8 25. Rd2 0-0 26. Be4 g6 27. Rg3 b4 28. Rh3 Bg5 29. f4 0-1

[Event "ECU-ch (Women)"]
[Site "Banos de Agua Santa"]
[Date "2020.03.10"]
[Round "1"]
[White "Artieda Berru, Ariadna Amely"]
[Black "Caicedo Loor, Keyra Isabel"]
[Result "0-1"]
[WhiteElo "1270"]
[BlackElo "1650"]
[PlyCount "35"]
[EventDate "2020.03.10"]
[EventType "swiss"]
[EventRounds "9"]
[EventCountry "ECU"]
[SourceTitle "CBM 195 Extra"]
[Source "ChessBase"]
[SourceDate "2020.05.31"]
[SourceVersion "1"]
[SourceVersionDate "2020.05.31"]
[SourceQuality "1"]

1. d4 g6 2. Nc3 Bg7 3. e4 b6 4. Be3 Bb7 5. Qd2 e6 6. f3 Nf6 7. Bd3 h5 8. Nge2 d5 9. e5 Nfd7 10. 0-0 a6 11. Na4 b5 12. Nac3 c5 13. dxc5 Nxc5 14. Rad1 Nc6 15. a3 Nxd3 16. cxd3 d4 17. Bg5 dxc3 18. Nxc3 0-1

[Event "ECU-ch U20 Girls"]
[Site "Guayaquil"]
[Date "2020.02.20"]
[Round "3"]
[White "Caicedo Loor, Keyra Isabel"]
[Black "Abril Munoz, Natalie"]
[Result "1-0"]
[WhiteElo "1586"]
[BlackElo "1496"]
[PlyCount "47"]
[EventDate "2020.02.19"]
[EventType "swiss"]
[EventRounds "9"]
[EventCountry "ECU"]
[SourceTitle "CBM 195 Extra"]
[Source "ChessBase"]
[SourceDate "2020.05.31"]
[SourceVersion "1"]
[SourceVersionDate "2020.05.31"]
[SourceQuality "1"]

1. e4 c5 2. Nc3 Nc6 3. g3 g6 4. Bg2 Bg7 5. d3 Nf6 6. h3 d6 7. Be3 Qb6 8. Rb1 Nd4 9. f4 0-0 10. Nf3 Nxf3+ 11. Qxf3 Qc7 12. 0-0 Rb8 13. g4 e6 14. f5 exf5 15. gxf5 b5 16. Bg5 b4 17. Bxf6 Bxf6 18. Nd5 Qd8 19. Nxf6+ Qxf6 20. fxg6 Qd4+ 21. Kh1 hxg6 22. Qg3 Be6 23. Bf3 Kg7 24. Bg4 1-0

[Event "ECU-ch U20 Girls"]
[Site "Guayaquil"]
[Date "2020.02.19"]
[Round "2"]
[White "Salas Ona, Leslie Tatiana"]
[Black "Caicedo Loor, Keyra Isabel"]
[Result "0-1"]
[WhiteElo "1266"]
[BlackElo "1586"]
[PlyCount "28"]
[EventDate "2020.02.19"]
[EventType "swiss"]
[EventRounds "9"]
[EventCountry "ECU"]
[SourceTitle "CBM 195 Extra"]
[Source "ChessBase"]
[SourceDate "2020.05.31"]
[SourceVersion "1"]
[SourceVersionDate "2020.05.31"]
[SourceQuality "1"]

1. e4 c5 2. c3 d5 3. exd5 Qxd5 4. d4 Nc6 5. Nf3 cxd4 6. cxd4 e5 7. Nc3 Bb4 8. Bd2 Bxc3 9. Bxc3 e4 10. Ne5 Nxe5 11. dxe5 Ne7 12. Be2 0-0 13. 0-0 Qe6 14. Qc2 Qg6 0-1

[Event "Pan American-ch School U15 Girls"]
[Site "Medellin"]
[Date "2019.11.15"]
[Round "6"]
[White "Caicedo Loor, Keyra Isabel"]
[Black "Alvarez, Claudia"]
[Result "0-1"]
[WhiteElo "1609"]
[BlackElo "1403"]
[PlyCount "56"]
[EventDate "2019.11.12"]
[EventType "swiss"]
[EventRounds "9"]
[EventCountry "COL"]
[SourceTitle "CBM 193 Extra"]
[Source "ChessBase"]
[SourceDate "2020.01.31"]
[SourceVersion "1"]
[SourceVersionDate "2020.01.31"]
[SourceQuality "1"]

1. e4 e5 2. Nc3 Nc6 3. f4 exf4 4. Nf3 d6 5. d4 g5 6. Bc4 Bg7 7. 0-0 Bg4 8. Ne2 h6 9. c3 Qe7 10. Qb3 0-0-0 11. Bd5 Be6 12. Re1 Nf6 13. Bxe6+ fxe6 14. d5 exd5 15. exd5 Ne5 16. Ned4 Nxf3+ 17. Nxf3 Qd7 18. Nd4 Rde8 19. Bd2 Ne4 20. Red1 Bxd4+ 21. cxd4 Nxd2 22. Rxd2 Re4 23. Rc2 Rhe8 24. Qb4 Qe7 25. Kf1 Re2 26. Rc6 Qe3 27. Rxc7+ Kxc7 28. Qc4+ Kb8 0-1

[Event "Pan American-ch School U15 Girls"]
[Site "Medellin"]
[Date "2019.11.14"]
[Round "5"]
[White "Caicedo Loor, Keyra Isabel"]
[Black "Gomez Vasquez, Laura Sofia"]
[Result "0-1"]
[WhiteElo "1609"]
[BlackElo "1737"]
[PlyCount "78"]
[EventDate "2019.11.12"]
[EventType "swiss"]
[EventRounds "9"]
[EventCountry "COL"]
[SourceTitle "CBM 193 Extra"]
[Source "ChessBase"]
[SourceDate "2020.01.31"]
[SourceVersion "1"]
[SourceVersionDate "2020.01.31"]
[SourceQuality "1"]

1. e4 c5 2. Nc3 Nc6 3. g3 g6 4. Bg2 Bg7 5. d3 d6 6. Be3 Rb8 7. Qd2 e6 8. Nge2 Nd4 9. Nc1 b5 10. Nd1 e5 11. c3 Ne6 12. Ne2 Ne7 13. d4 0-0 14. 0-0 f5 15. dxe5 dxe5 16. Qxd8 Rxd8 17. f4 Bb7 18. exf5 Bxg2 19. Kxg2 Nxf5 20. Bc1 exf4 21. Nxf4 Nxf4+ 22. Bxf4 Rb7 23. g4 Nd6 24. Ne3 Ne4 25. Rad1 Rbd7 26. Bc7 Rxd1 27. Rxd1 Rxd1 28. Nxd1 Kf7 29. Kf3 Ng5+ 30. Kg3 Ke6 31. h4 Ne4+ 32. Kf4 Nf6 33. Bd8 Nd5+ 34. Ke4 h6 35. a3 Be5 36. g5 hxg5 37. hxg5 c4 38. Nf2 Bf4 39. Kf3 Be3 0-1

[Event "Pan American-ch School U15 Girls"]
[Site "Medellin"]
[Date "2019.11.13"]
[Round "3"]
[White "Diaz Charpentier, Kristel Melissa"]
[Black "Caicedo Loor, Keyra Isabel"]
[Result "0-1"]
[WhiteElo "1717"]
[BlackElo "1609"]
[PlyCount "34"]
[EventDate "2019.11.12"]
[EventType "swiss"]
[EventRounds "9"]
[EventCountry "COL"]
[SourceTitle "CBM 193 Extra"]
[Source "ChessBase"]
[SourceDate "2020.01.31"]
[SourceVersion "1"]
[SourceVersionDate "2020.01.31"]
[SourceQuality "1"]

1. e4 c5 2. Nc3 a6 3. a4 Nc6 4. f4 g6 5. Nf3 Bg7 6. Bc4 e6 7. 0-0 Nge7 8. d3 0-0 9. Qe1 d5 10. Bb3 Nd4 11. Nxd4 Bxd4+ 12. Kh1 Bg7 13. Qg3 dxe4 14. dxe4 Qc7 15. Bc4 Nc6 16. Be3 Nd4 17. Rf2 Bd7 0-1

[Event "Pan American-ch School U15 Girls"]
[Site "Medellin"]
[Date "2019.11.12"]
[Round "2"]
[White "Caicedo Loor, Keyra Isabel"]
[Black "Ladron De Guevara Mendez, Lorena"]
[Result "1-0"]
[WhiteElo "1609"]
[BlackElo "1378"]
[PlyCount "76"]
[EventDate "2019.11.12"]
[EventType "swiss"]
[EventRounds "9"]
[EventCountry "COL"]
[SourceTitle "CBM 193 Extra"]
[Source "ChessBase"]
[SourceDate "2020.01.31"]
[SourceVersion "1"]
[SourceVersionDate "2020.01.31"]
[SourceQuality "1"]

1. e4 e5 2. Nf3 Nc6 3. Bc4 Bc5 4. c3 Nf6 5. d4 Bb6 6. dxe5 Nxe4 7. Qd5 0-0 8. Qxe4 d6 9. 0-0 dxe5 10. Nxe5 Qe7 11. Bd3 f5 12. Nxc6 Qxe4 13. Bxe4 fxe4 14. Ne7+ Kh8 15. Nd5 Bc5 16. Nxc7 Rb8 17. Be3 Bxe3 18. fxe3 Rxf1+ 19. Kxf1 Bd7 20. Na3 Rf8+ 21. Kg1 Bg4 22. Ncb5 a6 23. Nd4 Rd8 24. Rf1 h6 25. Rf4 Bd1 26. Rxe4 g5 27. Re7 b5 28. Rf7 g4 29. Rf6 Re8 30. Rxh6+ Kg8 31. Re6 Rf8 32. Re4 Kg7 33. Rf4 Re8 34. Kf2 Rh8 35. Ke1 Rxh2 36. Kxd1 Rxg2 37. Ne2 Kg6 38. Kd2 Rh2 1-0

[Event "Pan American-ch U16 Girls"]
[Site "Guayaquil"]
[Date "2019.07.26"]
[Round "8"]
[White "Sanchez Tobar, Francisca Valentina"]
[Black "Caicedo Loor, Keyra Isabel"]
[Result "1/2-1/2"]
[WhiteElo "1823"]
[BlackElo "1518"]
[PlyCount "40"]
[EventDate "2019.07.21"]
[EventType "swiss"]
[EventRounds "9"]
[EventCountry "ECU"]
[SourceTitle "EXT 2020"]
[Source "ChessBase"]
[SourceDate "2019.10.17"]
[SourceVersion "1"]
[SourceVersionDate "2019.10.17"]
[SourceQuality "1"]

1. e4 c5 2. Nf3 d6 3. d4 cxd4 4. Nxd4 Nf6 5. Nc3 g6 6. f3 Bg7 7. Be3 Nbd7 8. Qd2 a6 9. 0-0-0 b5 10. a3 Bb7 11. Nb3 Rc8 12. Kb1 Ne5 13. Qf2 Nfd7 14. Bd4 Qc7 15. h3 Rg8 16. f4 Nc4 17. Bxc4 bxc4 18. Nd2 Bf8 19. Kc1 Rb8 20. Rhf1 Rc8 1/2-1/2

[Event "Pan American-ch U16 Girls"]
[Site "Guayaquil"]
[Date "2019.07.23"]
[Round "4"]
[White "Macias Chavarro, Manuela"]
[Black "Caicedo Loor, Keyra Isabel"]
[Result "0-1"]
[WhiteElo "1624"]
[BlackElo "1518"]
[PlyCount "86"]
[EventDate "2019.07.21"]
[EventType "swiss"]
[EventRounds "9"]
[EventCountry "ECU"]
[SourceTitle "EXT 2020"]
[Source "ChessBase"]
[SourceDate "2019.10.17"]
[SourceVersion "1"]
[SourceVersionDate "2019.10.17"]
[SourceQuality "1"]

1. e4 c5 2. c3 Nc6 3. d4 cxd4 4. cxd4 d5 5. exd5 Qxd5 6. Nc3 Qxd4 7. Be3 Qxd1+ 8. Rxd1 Bd7 9. Bc4 Nf6 10. Nf3 e6 11. 0-0 Be7 12. Bg5 Rd8 13. Nb5 0-0 14. Nd6 Bxd6 15. Rxd6 Ne4 16. Rdd1 Nxg5 17. Nxg5 Ne5 18. Bb3 Bc6 19. f4 Nd3 20. f5 e5 21. f6 g6 22. Bc4 e4 23. Rd2 h6 24. Nxe4 Ne5 25. Nd6 Rxd6 26. Rxd6 Nxc4 27. Rd4 Ne3 28. Rf2 Re8 29. Rfd2 Re6 30. Kf2 Nf5 31. Rd8+ Kh7 32. g4 Nh4 33. R2d6 Rxd6 34. Rxd6 g5 35. Ke3 Kg6 36. b4 Ng2+ 37. Kd4 Nf4 38. Kc4 Ne6 39. b5 Bf3 40. h3 Kxf6 41. Rd7 Nf4 42. a4 Nxh3 43. a5 Ke6 0-1

[Event "ECU-ch U16 Girls"]
[Site "Guayaquil"]
[Date "2019.04.21"]
[Round "9"]
[White "Oleas Vanegas, Micaela Carolina"]
[Black "Caicedo Loor, Keyra Isabel"]
[Result "1/2-1/2"]
[WhiteElo "1741"]
[BlackElo "1434"]
[PlyCount "58"]
[EventDate "2019.04.17"]
[EventType "swiss"]
[EventRounds "9"]
[EventCountry "ECU"]
[SourceTitle "CBM 190 Extra"]
[Source "ChessBase"]
[SourceDate "2019.07.15"]
[SourceVersion "1"]
[SourceVersionDate "2019.07.15"]
[SourceQuality "1"]

1. e4 c5 2. c3 d5 3. exd5 Qxd5 4. d4 Nc6 5. Nf3 cxd4 6. cxd4 e5 7. Nc3 Bb4 8. Bd2 Bxc3 9. Bxc3 e4 10. Ne5 Nxe5 11. dxe5 Ne7 12. Qa4+ Bd7 13. Qa3 Qe6 14. Rd1 0-0 15. Be2 Ng6 16. Qd6 Rad8 17. 0-0 Nf4 18. Qd2 Qf5 19. g3 Nh3+ 20. Kg2 Ng5 21. g4 Qg6 22. Qf4 Ne6 23. Qg3 Bc6 24. Kg1 Qh6 25. Rfe1 Nf4 26. Bf1 Ne6 27. h4 Qf4 28. Kh2 Qh6 29. Kg1 Qf4 1/2-1/2

[Event "ECU-ch U16 Girls"]
[Site "Guayaquil"]
[Date "2019.04.20"]
[Round "6"]
[White "Guerrero Caicedo, Arlette Sabina"]
[Black "Caicedo Loor, Keyra Isabel"]
[Result "0-1"]
[WhiteElo "1188"]
[BlackElo "1434"]
[PlyCount "39"]
[EventDate "2019.04.17"]
[EventType "swiss"]
[EventRounds "9"]
[EventCountry "ECU"]
[SourceTitle "CBM 190 Extra"]
[Source "ChessBase"]
[SourceDate "2019.07.15"]
[SourceVersion "1"]
[SourceVersionDate "2019.07.15"]
[SourceQuality "1"]

1. e4 c5 2. Nf3 a6 3. d4 cxd4 4. Nxd4 g6 5. Nc3 Bg7 6. Be3 d6 7. Bd3 Nf6 8. h3 b5 9. a3 Bb7 10. 0-0 Nbd7 11. f4 0-0 12. Kh1 Re8 13. f5 Ne5 14. fxg6 hxg6 15. Nf3 Nc4 16. Bc1 Qb6 17. Qe2 Nh5 18. Bxc4 Ng3+ 19. Kh2 Nxe2 20. Bxe2 0-1

[Event "ECU-ch U16 Girls"]
[Site "Guayaquil"]
[Date "2019.04.20"]
[Round "7"]
[White "Miranda Vargas, Analia Karen"]
[Black "Caicedo Loor, Keyra Isabel"]
[Result "0-1"]
[WhiteElo "1484"]
[BlackElo "1434"]
[PlyCount "64"]
[EventDate "2019.04.17"]
[EventType "swiss"]
[EventRounds "9"]
[EventCountry "ECU"]
[SourceTitle "CBM 190 Extra"]
[Source "ChessBase"]
[SourceDate "2019.07.15"]
[SourceVersion "1"]
[SourceVersionDate "2019.07.15"]
[SourceQuality "1"]

1. e4 e5 2. Nf3 f5 3. Nxe5 Qf6 4. Nf3 fxe4 5. Qe2 Qe7 6. Nd4 Nf6 7. Nc3 d5 8. d3 c5 9. Nb3 Bg4 10. f3 exf3 11. gxf3 Bxf3 12. Qxe7+ Bxe7 13. Rg1 Kf7 14. Bg2 Bxg2 15. Rxg2 Re8 16. Re2 a6 17. Bg5 Nbd7 18. 0-0-0 d4 19. Bxf6 Nxf6 20. Na4 Nd7 21. Rf1+ Kg8 22. Rfe1 Bg5+ 23. Kd1 Rxe2 24. Rxe2 b6 25. Re6 Bd8 26. Rc6 Kf7 27. Ke2 Ke7 28. Kf2 Rb8 29. Naxc5 Nxc5 30. Nxd4 Kd7 31. b4 Bf6 32. bxc5 Bxd4+ 0-1

[Event "ECU-ch U16 Girls"]
[Site "Guayaquil"]
[Date "2019.04.18"]
[Round "3"]
[White "Caicedo Loor, Keyra Isabel"]
[Black "Rueda Peralta, Sammy"]
[Result "1-0"]
[WhiteElo "1434"]
[BlackElo "1239"]
[PlyCount "33"]
[EventDate "2019.04.17"]
[EventType "swiss"]
[EventRounds "9"]
[EventCountry "ECU"]
[SourceTitle "CBM 190 Extra"]
[Source "ChessBase"]
[SourceDate "2019.07.15"]
[SourceVersion "1"]
[SourceVersionDate "2019.07.15"]
[SourceQuality "1"]

1. d4 c5 2. e3 e6 3. Nf3 Nf6 4. Bd3 d5 5. b3 Bd7 6. Bb2 b5 7. c4 bxc4 8. bxc4 Qb6 9. Qc2 dxc4 10. Bxc4 Qb4+ 11. Nbd2 Ba4 12. Qc1 Nbd7 13. 0-0 Bb5 14. Rb1 Bxc4 15. Nxc4 cxd4 16. Nxd4 Rc8 17. Nd6+ 1-0